Poverty alleviation and social investment funds : (Record no. 110182)

MARC details
000 -LEADER
campo de control de longitud fija 00785nam a2200193 4500
001 - NÚMERO DE CONTROL
campo de control 227
005 - FECHA Y HORA DE LA ÚLTIMA TRANSACCIÓN
campo de control 20230411085952.0
008 - DATOS DE LONGITUD FIJA--INFORMACIÓN GENERAL
campo de control de longitud fija 060907n1994 dr spa
020 ## - NÚMERO INTERNACIONAL ESTÁNDAR DEL LIBRO
Número Internacional Estándar del Libro 082133025X
035 ## - NÚMERO DE CONTROL DEL SISTEMA
-- funglode228
041 ## - CÓDIGO DE IDIOMA
Código de lengua del texto/banda sonora o título independiente En
245 0# - MENCIÓN DEL TÍTULO
Título Poverty alleviation and social investment funds :
Resto del título The Latin American experience /
Mención de responsabilidad, etc. Philip J. Glaessner... [et al.]
260 ## - PUBLICACIÓN, DISTRIBUCIÓN, ETC.
Lugar de publicación, distribución, etc. Washington :
Nombre del editor, distribuidor, etc. The World Bank,
Fecha de publicación, distribución, etc. 1994
300 ## - DESCRIPCIÓN FÍSICA
Extensión 61 p.
440 ## - MENCIÓN DE SERIE/PUNTO DE ACCESO ADICIONAL--TÍTULO
Título World Bank discussion papers ;
Designación de volumen o secuencia 261
520 ## - RESUMEN, ETC.
Sumario, etc. Background, 1. -- Objectives and basic characteristics of social investment funds in Latin America, 4. -- Implementation experience, 9. -- Lessons learned, 28. -- Future prospects of the social investment funds, 30
700 ## - ENTRADA AGREGADA--NOMBRE PERSONAL
Nombre de persona Glaessner, Philip J.
942 ## - ELEMENTOS DE ENTRADA SECUNDARIOS (KOHA)
Fuente del sistema de clasificación o colocación Clasificación de Library of Congress
Tipo de ítem Koha
Holdings
Estatus retirado Estado de pérdida Fuente del sistema de clasificación o colocación Estado de daño No para préstamo Colección Biblioteca de origen Biblioteca actual Ubicación en estantería Fecha de adquisición Código de barras Visto por última vez Copia número Tipo de ítem Koha
    Clasificación de Library of Congress     Automatización y Procesos Técnicos Biblioteca Juan Bosch Biblioteca Juan Bosch Automatización y Procesos Técnicos (1er. Piso) 17/02/2019 00020010228 17/02/2019 1